000 00402pab a2200157 454500
008 180718b2011 xxu||||| |||| 00| 0 eng d
100 _aTutton, Richard
245 _aPromising pessimism: Reading the futures to be avoided in biotech
260 _c2011
300 _ap.411-429.
362 _aJun
650 _aBiotechnology
773 _aSocial Studies of Sciences
908 _aN
909 _a92305
999 _c92305
_d92305